| 000 | 01175nam0a2200265 4500 | ||
|---|---|---|---|
| 001 | RU\NLR\BIBL_A\010467424 | ||
| 005 | 20260503053056.0 | ||
| 035 | _a(NLR Aleph) 010467424 | ||
| 090 |
_a10008311 _c10008311 |
||
| 100 | _a20140926d2007 |||y0rusy50 ca | ||
| 101 | 0 | _arus | |
| 102 | _aRU | ||
| 105 | _ay|||z||||00yd | ||
| 200 | 1 |
_aБиография. Манифест. Интервью. Документы _e[сборник] _fВладимир Буковский |
|
| 210 |
_aСанкт-Петербург _cВольная Петербургская типография _d2007 |
||
| 215 |
_a47 с. _d13 |
||
| 600 | 1 |
_aБуковский _gВладимир Константинович _bВ.К. _f1942 - 2019 _3RU\NLR\AUTH\66168803 _91202617 |
|
| 606 | 1 |
_aОбщественная мысль _yРоссийская Федерация _92086362 _3RU\NLR\AUTH\661262495 |
|
| 686 | 1 | _aТ3(2)73-4 | |
| 686 | 1 | _aТ3(2)7-72 | |
| 700 | 1 |
_aБуковский _bВ. К. _f1942- _gВладимир Константинович _3RU\NLR\AUTH\770127415 _9127391 |
|
| 942 | _cBOOK | ||
| 980 | _aNB | ||